[Event "18. Open de Gros 2008"]
[Site "San Sebastián ESP"]
[Date "2008.09.23"]
[Round "5.11"]
[White "Olmo Vega, Diego"]
[Black "Espin Laborde, Jesus Maria"]
[Result "1-0"]
[WhiteElo "1978"]
[BlackElo "1811"]
[PlyCount "51"]
[EventDate "2008.09.20"]
[EventType "swiss"]
[EventRounds "9"]
[EventCountry "ESP"]
[Source "lmi"]
[SourceDate "2008.09.20"]

1. e4 c5 2. Nf3 d6 3. d4 cxd4 4. Nxd4 Nf6 5. Nc3 a6 6. f3 e6 7. Be3 b5 8. Qd2
Bb7 9. g4 h6 10. O-O-O Be7 11. Kb1 Nc6 12. Nxc6 Bxc6 13. Ne2 Rc8 14. Rg1 Nd7
15. Nd4 Bb7 16. g5 Bxg5 17. Bxg5 hxg5 18. Rxg5 Rxh2 19. Qxh2 Qxg5 20. Qxd6 Qe7
21. Qh2 Nf8 22. Nxb5 axb5 23. Bxb5+ Nd7 24. Bxd7+ Qxd7 25. Qh8+ Ke7 26. Rxd7+
1-0

[Event "18. Open de Gros 2008"]
[Site "San Sebastián ESP"]
[Date "2008.09.23"]
[Round "5.12"]
[White "Iglesias Gonzalez, Veronica"]
[Black "Zubia Aramburu, Mikel"]
[Result "0-1"]
[WhiteElo "1804"]
[BlackElo "1901"]
[PlyCount "112"]
[EventDate "2008.09.20"]
[EventType "swiss"]
[EventRounds "9"]
[EventCountry "ESP"]
[Source "lmi"]
[SourceDate "2008.09.20"]

1. c4 c6 2. Nc3 d5 3. cxd5 cxd5 4. d4 Nf6 5. Bg5 Nc6 6. e3 e6 7. Nf3 Be7 8. Bd3
h6 9. Bh4 Bd7 10. Qb3 O-O 11. Ne5 Na5 12. Qc2 Rc8 13. a3 a6 14. O-O Nc4 15.
Bxf6 Bxf6 16. Nxd7 Qxd7 17. Rac1 Rc6 18. Qe2 Rfc8 19. Na4 b5 20. Nc5 Rxc5 21.
dxc5 Bxb2 22. Bxc4 Bxc1 23. Bxb5 Qxb5 24. Qxb5 axb5 25. Rxc1 Kf8 26. Kf1 Ke7
27. Ke2 Ra8 28. Rc3 Kd7 29. Kd3 Kc6 30. e4 Ra4 31. exd5+ exd5 32. Kd2 Rc4 33.
Rg3 Rf4 34. Rxg7 Rxf2+ 35. Ke3 Rf1 36. Rh7 Kxc5 37. Rxh6 d4+ 38. Ke2 Rf5 39.
Kd3 Re5 40. Rh3 f5 41. Rf3 f4 42. h4 Kd5 43. Rxf4 Re3+ 44. Kd2 Rxa3 45. Rf5+
Kc4 46. Rg5 Ra2+ 47. Kc1 b4 48. h5 b3 49. h6 d3 50. Rg7 d2+ 51. Kd1 b2 52. Rb7
Kc3 53. Rc7+ Kd3 54. Rd7+ Ke3 55. Re7+ Kf4 56. Rb7 Ra1+ 0-1

[Event "18. Open de Gros 2008"]
[Site "San Sebastián ESP"]
[Date "2008.09.23"]
[Round "5.13"]
[White "Bello Castano, Diego"]
[Black "Zaballa Zarzosa, Jon"]
[Result "1/2-1/2"]
[WhiteElo "1887"]
[BlackElo "1802"]
[PlyCount "52"]
[EventDate "2008.09.20"]
[EventType "swiss"]
[EventRounds "9"]
[EventCountry "ESP"]
[Source "lmi"]
[SourceDate "2008.09.20"]

1. Nf3 Nf6 2. b3 g6 3. Bb2 Bg7 4. e3 O-O 5. c4 c5 6. Be2 Nc6 7. O-O d5 8. cxd5
Nxd5 9. Bxg7 Kxg7 10. d4 cxd4 11. Nxd4 Ndb4 12. Nc3 Nxd4 13. exd4 Nd5 14. Nxd5
Qxd5 15. Bc4 Qd6 16. d5 b6 17. Qd4+ Kg8 18. Rfe1 Rd8 19. Rad1 Bb7 20. Qh4 Rd7
21. Rd3 Rad8 22. Rh3 h5 23. Rhe3 Bxd5 24. Bxd5 Qxd5 25. Rxe7 Qd6 26. h3 Kf8
1/2-1/2

[Event "18. Open de Gros 2008"]
[Site "San Sebastián ESP"]
[Date "2008.09.23"]
[Round "5.14"]
[White "Burgana Lardizabal, Jose Angel"]
[Black "Saenz Zabala, Juan Ignacio"]
[Result "1-0"]
[WhiteElo "1777"]
[BlackElo "1857"]
[PlyCount "93"]
[EventDate "2008.09.20"]
[EventType "swiss"]
[EventRounds "9"]
[EventCountry "ESP"]
[Source "lmi"]
[SourceDate "2008.09.20"]

1. d4 e6 2. Nf3 f5 3. Bf4 Nf6 4. e3 Be7 5. Bd3 O-O 6. Nbd2 Nc6 7. c3 d5 8. Ne5
Nxe5 9. Bxe5 Bd6 10. Nf3 Ng4 11. Bg3 b6 12. Bh4 Qe8 13. h3 Nf6 14. Qc2 h6 15.
O-O-O c5 16. Ne5 cxd4 17. exd4 Qh5 18. Bg3 Qg5+ 19. Kb1 Ne4 20. h4 Qf6 21. Bf4
g5 22. hxg5 hxg5 23. Bh2 Qg7 24. f3 Nf6 25. Rde1 Bd7 26. Ng6 Qxg6 27. Bxd6 Rf7
28. g4 Rh7 29. Be5 Kf7 30. gxf5 exf5 31. Qg2 Rah8 32. Rxh7+ Qxh7 33. Qxg5 Qh4
34. Qe3 Re8 35. Rg1 Rg8 36. Rxg8 Nxg8 37. Kc2 b5 38. Bd6 Qh3 39. Kb3 a5 40. Qe2
Qh6 41. Qe5 Qd2 42. Bxb5 a4+ 43. Ka3 Be6 44. Bxa4 Qg2 45. f4 Nf6 46. Bb4 Ne4
47. Qc7+ 1-0

[Event "18. Open de Gros 2008"]
[Site "San Sebastián ESP"]
[Date "2008.09.23"]
[Round "5.15"]
[White "Mitt, Hando"]
[Black "Cotta Esnaola, Andoni"]
[Result "1-0"]
[WhiteElo "1826"]
[BlackElo "1762"]
[PlyCount "31"]
[EventDate "2008.09.20"]
[EventType "swiss"]
[EventRounds "9"]
[EventCountry "ESP"]
[Source "lmi"]
[SourceDate "2008.09.20"]

1. d4 Nf6 2. c4 e6 3. Nc3 c5 4. d5 exd5 5. Nxd5 Nxd5 6. Qxd5 d6 7. Bd2 Be7 8.
Bc3 O-O 9. O-O-O Nc6 10. Qf3 Qc7 11. Qg3 f6 12. e4 Be6 13. Nh3 Ne5 14. Nf4 Bxc4
15. Bxc4+ Nxc4 16. Ne6 1-0

[Event "18. Open de Gros 2008"]
[Site "San Sebastián ESP"]
[Date "2008.09.23"]
[Round "5.16"]
[White "Cantabrana Garona, Alejandro"]
[Black "Sebastiani Paoli, Ruben"]
[Result "1-0"]
[WhiteElo "1824"]
[BlackElo "1544"]
[PlyCount "69"]
[EventDate "2008.09.20"]
[EventType "swiss"]
[EventRounds "9"]
[EventCountry "ESP"]
[Source "lmi"]
[SourceDate "2008.09.20"]

1. g3 d5 2. Bg2 Nf6 3. c4 c6 4. Nf3 g6 5. b3 Bg7 6. Bb2 O-O 7. O-O Bg4 8. d4
Nbd7 9. Nbd2 a6 10. h3 Bxf3 11. Nxf3 e6 12. Nd2 Nh5 13. e3 f5 14. Nf3 Qe8 15.
cxd5 cxd5 16. Ba3 Rf7 17. Ng5 Rc8 18. Rc1 Rxc1 19. Qxc1 Bh6 20. Nxf7 Qxf7 21.
Qc7 Nhf6 22. Qxb7 g5 23. Qxa6 Ne4 24. Bc1 Ndf6 25. a4 Nc3 26. Qc8+ Kg7 27. Qxc3
f4 28. exf4 gxf4 29. g4 Qg6 30. a5 Ne4 31. Bxe4 Qxe4 32. f3 Qg6 33. b4 Qg5 34.
Qc7+ Kg6 35. Qe5 1-0

[Event "18. Open de Gros 2008"]
[Site "San Sebastián ESP"]
[Date "2008.09.24"]
[Round "6.2"]
[White "Inkiov, Ventzislav"]
[Black "Argandona Riveiro, Inigo"]
[Result "1-0"]
[WhiteElo "2446"]
[BlackElo "2375"]
[PlyCount "27"]
[EventDate "2008.09.20"]
[EventType "swiss"]
[EventRounds "9"]
[EventCountry "ESP"]
[Source "lmi"]
[SourceDate "2008.09.20"]

1. e4 e5 2. Bc4 f5 3. d3 Nf6 4. Nf3 c6 5. O-O fxe4 6. dxe4 Qe7 7. Ng5 h6 8.
Bf7+ Qxf7 9. Nxf7 Kxf7 10. f4 Bc5+ 11. Kh1 Re8 12. Nc3 d6 13. fxe5 dxe5 14.
Qh5+ 1-0

[Event "18. Open de Gros 2008"]
[Site "San Sebastián ESP"]
[Date "2008.09.24"]
[Round "6.3"]
[White "Spassov, Liuben"]
[Black "Paunovic, Dragan"]
[Result "1/2-1/2"]
[WhiteElo "2428"]
[BlackElo "2539"]
[PlyCount "102"]
[EventDate "2008.09.20"]
[EventType "swiss"]
[EventRounds "9"]
[EventCountry "ESP"]
[Source "lmi"]
[SourceDate "2008.09.20"]

1. d4 d6 2. e4 Nf6 3. f3 c5 4. d5 g6 5. c4 Bg7 6. Nc3 O-O 7. Bg5 e6 8. Qd2 exd5
9. cxd5 a6 10. a4 Re8 11. Nge2 Nbd7 12. Ng3 Qa5 13. Ra3 Rb8 14. Be2 Qc7 15. O-O
c4 16. Be3 h5 17. Rc1 Ne5 18. a5 Qe7 19. h3 Bd7 20. Nh1 Nh7 21. Nf2 f5 22. b3
Rbc8 23. bxc4 Nxc4 24. Bxc4 Rxc4 25. Ne2 Rxc1+ 26. Qxc1 Nf6 27. Nc3 Rc8 28. Qd2
fxe4 29. Ncxe4 Bf5 30. Ra4 Qd7 31. Rb4 Re8 32. Nxf6+ Bxf6 33. Bd4 Bxd4 34. Qxd4
Re1+ 35. Kh2 Qe7 36. Qa7 Rb1 37. Rxb1 Bxb1 38. Qd4 Kf7 39. g3 Qf6 40. Qe3 Ba2
41. Qd2 Bc4 42. Ne4 Qe5 43. Nc3 h4 44. f4 hxg3+ 45. Kxg3 Qf5 46. Qd4 Bf1 47.
Qh8 Qd3+ 48. Kg4 Qf5+ 49. Kg3 Qc2 50. Qh7+ Kf6 51. Qh8+ Kf7 1/2-1/2

[Event "18. Open de Gros 2008"]
[Site "San Sebastián ESP"]
[Date "2008.09.24"]
[Round "6.4"]
[White "Rizouk, Aimen"]
[Black "Sanz Perez, Eduardo"]
[Result "1-0"]
[WhiteElo "2507"]
[BlackElo "2154"]
[PlyCount "51"]
[EventDate "2008.09.20"]
[EventType "swiss"]
[EventRounds "9"]
[EventCountry "ESP"]
[Source "lmi"]
[SourceDate "2008.09.20"]

1. e4 e6 2. d4 d5 3. Nd2 c5 4. Ngf3 cxd4 5. Nxd4 Nf6 6. exd5 Qxd5 7. Nb5 Na6 8.
c4 Qe5+ 9. Be2 Bc5 10. Nf3 Bb4+ 11. Kf1 Qb8 12. a3 Be7 13. Qd4 Bc5 14. Qh4 e5
15. Qg5 O-O 16. Qxe5 Qxe5 17. Nxe5 Re8 18. Nd3 Bb6 19. Bf4 Bf5 20. b4 Nh5 21.
Bd6 Re6 22. c5 Rae8 23. Ne5 Rxd6 24. Nxd6 Rxe5 25. cxb6 axb6 26. Nxf5 1-0

[Event "18. Open de Gros 2008"]
[Site "San Sebastián ESP"]
[Date "2008.09.24"]
[Round "6.6"]
[White "Martin Alvarez, Inigo"]
[Black "Marholev, Dimitar"]
[Result "0-1"]
[WhiteElo "2200"]
[BlackElo "2366"]
[PlyCount "70"]
[EventDate "2008.09.20"]
[EventType "swiss"]
[EventRounds "9"]
[EventCountry "ESP"]
[Source "lmi"]
[SourceDate "2008.09.20"]

1. e4 e5 2. Nf3 Nc6 3. Bb5 a6 4. Ba4 Nf6 5. O-O Be7 6. Re1 b5 7. Bb3 d6 8. c3
O-O 9. h3 Na5 10. Bc2 c5 11. d4 Qc7 12. b4 cxb4 13. cxb4 Nc4 14. Nbd2 Be6 15.
d5 Bd7 16. Nxc4 Qxc4 17. Bd2 Rfc8 18. Bb3 Qc7 19. Qe2 g6 20. Nh2 Qd8 21. Qf3 h5
22. a4 Nh7 23. axb5 axb5 24. Ra5 Bg5 25. Qd3 Bxd2 26. Qxd2 Rab8 27. Ra7 Nf6 28.
Ra6 Qc7 29. Qg5 Kg7 30. Nf3 Ra8 31. Rxa8 Rxa8 32. Rc1 Qb6 33. Nxe5 dxe5 34.
Qxe5 Re8 35. Qb2 Rxe4 0-1

[Event "18. Open de Gros 2008"]
[Site "San Sebastián ESP"]
[Date "2008.09.24"]
[Round "6.7"]
[White "Rodriguez Gonzalez, Javier"]
[Black "Maruejols, Claude"]
[Result "1-0"]
[WhiteElo "2280"]
[BlackElo "2044"]
[PlyCount "39"]
[EventDate "2008.09.20"]
[EventType "swiss"]
[EventRounds "9"]
[EventCountry "ESP"]
[Source "lmi"]
[SourceDate "2008.09.20"]

1. d4 Nf6 2. Bg5 Ne4 3. h4 d5 4. Nd2 Qd6 5. e3 Nc6 6. Bf4 Qb4 7. Rb1 Bf5 8.
Ngf3 O-O-O 9. c3 Qb6 10. Bd3 f6 11. Qc2 Be6 12. Nxe4 dxe4 13. Bxe4 Bxa2 14. Ra1
Bb3 15. Qe2 e5 16. dxe5 fxe5 17. Nxe5 Nxe5 18. Bxe5 Qe6 19. Qb5 Bd5 20. Rxa7
1-0

[Event "18. Open de Gros 2008"]
[Site "San Sebastián ESP"]
[Date "2008.09.24"]
[Round "6.8"]
[White "Roldan Riaga, Roberto"]
[Black "Garro Beraza, Julen"]
[Result "1-0"]
[WhiteElo "2028"]
[BlackElo "1793"]
[PlyCount "69"]
[EventDate "2008.09.20"]
[EventType "swiss"]
[EventRounds "9"]
[EventCountry "ESP"]
[Source "lmi"]
[SourceDate "2008.09.20"]

1. e4 c5 2. Nf3 d6 3. c3 Nf6 4. Be2 Nc6 5. Qc2 e6 6. O-O Be7 7. d4 cxd4 8. cxd4
O-O 9. Nc3 a6 10. a4 Qc7 11. Be3 Bd7 12. Rac1 Rac8 13. Rfd1 Na5 14. b4 Nc4 15.
Bg5 Kh8 16. Bxc4 Qxc4 17. Qb2 Qc7 18. Nd5 exd5 19. Rxc7 Rxc7 20. e5 dxe5 21.
dxe5 Ng8 22. Rxd5 Bxa4 23. Bxe7 Nxe7 24. Rd2 Rfc8 25. h4 Rc4 26. Rd6 Nf5 27.
Rd3 Bb5 28. Rd2 Nxh4 29. Nxh4 Rxh4 30. Rd4 Rxd4 31. Qxd4 h6 32. Qd5 Rc4 33.
Qxf7 Rxb4 34. Qf8+ Kh7 35. Qxb4 1-0

[Event "18. Open de Gros 2008"]
[Site "San Sebastián ESP"]
[Date "2008.09.24"]
[Round "6.9"]
[White "Darrigues, Alain"]
[Black "Burgana Lardizabal, Jose Angel"]
[Result "1-0"]
[WhiteElo "2012"]
[BlackElo "1777"]
[PlyCount "65"]
[EventDate "2008.09.20"]
[EventType "swiss"]
[EventRounds "9"]
[EventCountry "ESP"]
[Source "lmi"]
[SourceDate "2008.09.20"]

1. d4 Nf6 2. c4 e6 3. Nc3 d5 4. cxd5 exd5 5. Bg5 Be7 6. Qc2 c6 7. e3 Nbd7 8.
Bd3 O-O 9. Nf3 Re8 10. O-O Nf8 11. Rab1 a5 12. a3 Nh5 13. Bxe7 Qxe7 14. b4 axb4
15. axb4 b5 16. Ne5 Qd6 17. Rfc1 f6 18. Nxc6 g6 19. Nxb5 Qd7 20. Na5 Ba6 21.
Nc3 Ne6 22. b5 Bb7 23. Ra1 Rac8 24. Qb3 Nxd4 25. exd4 Nf4 26. Bf1 Qg4 27. Kh1
Rc4 28. Nxb7 Rxd4 29. Nd6 Re6 30. f3 Qh5 31. Ra8+ Kg7 32. Ra7+ Kf8 33. Qa3 1-0

[Event "18. Open de Gros 2008"]
[Site "San Sebastián ESP"]
[Date "2008.09.24"]
[Round "6.10"]
[White "Veras Sanz, Jose Antonio"]
[Black "Olmo Vega, Diego"]
[Result "0-1"]
[WhiteElo "1671"]
[BlackElo "1978"]
[PlyCount "34"]
[EventDate "2008.09.20"]
[EventType "swiss"]
[EventRounds "9"]
[EventCountry "ESP"]
[Source "lmi"]
[SourceDate "2008.09.20"]

1. e4 c5 2. Nc3 e6 3. g3 d5 4. Bb5+ Nc6 5. exd5 exd5 6. Bxc6+ bxc6 7. d4 Nf6 8.
Qe2+ Be6 9. f4 cxd4 10. Nd1 Be7 11. Nf3 c5 12. Ne5 Qb6 13. c3 dxc3 14. Nxc3 O-O
15. Qb5 Qc7 16. Nc6 Bd6 17. b4 cxb4 0-1

[Event "18. Open de Gros 2008"]
[Site "San Sebastián ESP"]
[Date "2008.09.24"]
[Round "6.11"]
[White "Zubia Aramburu, Mikel"]
[Black "Cantabrana Garona, Alejandro"]
[Result "1/2-1/2"]
[WhiteElo "1901"]
[BlackElo "1824"]
[PlyCount "83"]
[EventDate "2008.09.20"]
[EventType "swiss"]
[EventRounds "9"]
[EventCountry "ESP"]
[Source "lmi"]
[SourceDate "2008.09.20"]

1. c4 f5 2. Nc3 Nf6 3. d3 g6 4. Nf3 d6 5. g3 Bg7 6. Bg2 c6 7. Bg5 O-O 8. Qd2 a5
9. Bh6 Na6 10. Bxg7 Kxg7 11. a3 Nc5 12. Rb1 a4 13. Qc2 e5 14. d4 e4 15. dxc5
exf3 16. Bxf3 dxc5 17. Nxa4 Qa5+ 18. Nc3 Be6 19. O-O Bxc4 20. Rfe1 Nd5 21. Rbc1
Nxc3 22. Qxc3+ Qxc3 23. Rxc3 Bg8 24. Rxc5 Rad8 25. Rc3 Rd2 26. b4 Rb2 27. Rd1
Be6 28. e3 Ra8 29. e4 Ra2 30. Rdd3 fxe4 31. Bxe4 Bh3 32. Rc1 R8xa3 33. Rxa3
Rxa3 34. Bg2 Bf5 35. h4 Rb3 36. Rc4 Rb1+ 37. Kh2 Rb2 38. g4 Be6 39. Rf4 Rb3 40.
Re4 Kf7 41. Bf1 Bd5 42. Bc4 1/2-1/2

[Event "18. Open de Gros 2008"]
[Site "San Sebastián ESP"]
[Date "2008.09.24"]
[Round "6.12"]
[White "Mitt, Hando"]
[Black "Tung, Kai Ming"]
[Result "1-0"]
[WhiteElo "1826"]
[BlackElo "1989"]
[PlyCount "61"]
[EventDate "2008.09.20"]
[EventType "swiss"]
[EventRounds "9"]
[EventCountry "ESP"]
[Source "lmi"]
[SourceDate "2008.09.20"]

1. d4 e6 2. e4 d5 3. Nd2 Nf6 4. e5 Nfd7 5. Bd3 c5 6. c3 Nc6 7. Ne2 cxd4 8. cxd4
f6 9. Nf4 Nxd4 10. Qh5+ Ke7 11. Ng6+ hxg6 12. exf6+ Nxf6 13. Qxh8 Kf7 14. O-O
e5 15. Nb3 Nxb3 16. axb3 Qb6 17. Bxg6+ Kxg6 18. Qxf8 Qe6 19. f4 Qb6+ 20. Kh1 e4
21. f5+ Bxf5 22. Qxa8 d4 23. Qxa7 Qb5 24. Rxf5 Qxf5 25. Qxd4 Qf1+ 26. Qg1 Qe2
27. Bf4 Nd5 28. Re1 Qd3 29. Qf2 e3 30. Bxe3 Qxb3 31. Bd4 1-0

[Event "18. Open de Gros 2008"]
[Site "San Sebastián ESP"]
[Date "2008.09.24"]
[Round "6.13"]
[White "Izquierdo Arruferia, Joseba"]
[Black "Tung, Siu Hung"]
[Result "0-1"]
[WhiteElo "1763"]
[BlackElo "1905"]
[PlyCount "136"]
[EventDate "2008.09.20"]
[EventType "swiss"]
[EventRounds "9"]
[EventCountry "ESP"]
[Source "lmi"]
[SourceDate "2008.09.20"]

1. e4 c6 2. d4 g6 3. Bd3 Bg7 4. c3 d5 5. exd5 cxd5 6. Nf3 Nf6 7. h3 Nc6 8. O-O
O-O 9. Bf4 Nh5 10. Bg5 h6 11. Be3 Qd6 12. Re1 Bd7 13. Nbd2 Rae8 14. Nf1 f5 15.
Qc2 Nf6 16. Ne5 Ne4 17. f3 Ng5 18. h4 Nf7 19. Nxd7 Qxd7 20. Bf2 Qc7 21. h5 Nh8
22. hxg6 e6 23. Bg3 Qd7 24. Re3 Nxg6 25. Rae1 h5 26. Qc1 h4 27. Bf4 e5 28. dxe5
Ncxe5 29. Bc2 h3 30. Bxe5 Rxe5 31. Rxe5 Nxe5 32. Qg5 Qe6 33. Kh1 hxg2+ 34. Qxg2
Qh6+ 35. Nh2 Qf4 36. Rg1 Qh6 37. Bb3 Nd3 38. Bxd5+ Kh8 39. Bc4 Nf4 40. Qg5 Rf6
41. Qxh6+ Rxh6 42. Rg5 Rf6 43. Rg1 Kh7 44. Re1 Bf8 45. Rd1 Bc5 46. Rd7+ Kh6 47.
Rd8 Rg6 48. Rh8+ Kg5 49. Rg8 Rxg8 50. Bxg8 Bf2 51. Bh7 Nd3 52. b3 Nc1 53. Kg2
Be1 54. c4 Nxa2 55. Nf1 Kf4 56. Bg8 b6 57. Bd5 Nc1 58. c5 bxc5 59. Bc4 a5 60.
Nh2 Na2 61. Kf1 Bg3 62. Kg2 Bxh2 63. Kxh2 Kxf3 64. Kg1 f4 65. Bd5+ Ke3 66. Kf1
Nc3 67. Bc4 Kd4 68. Kf2 a4 0-1

[Event "18. Open de Gros 2008"]
[Site "San Sebastián ESP"]
[Date "2008.09.24"]
[Round "6.14"]
[White "Elduayen Etxabe, Inaki"]
[Black "Bello Castano, Diego"]
[Result "1/2-1/2"]
[WhiteElo "1739"]
[BlackElo "1887"]
[PlyCount "38"]
[EventDate "2008.09.20"]
[EventType "swiss"]
[EventRounds "9"]
[EventCountry "ESP"]
[Source "lmi"]
[SourceDate "2008.09.20"]

1. e4 c6 2. d4 d5 3. e5 Bf5 4. g4 Be4 5. f3 Bg6 6. f4 e6 7. Nf3 h5 8. Bh3 hxg4
9. Bxg4 Nh6 10. Ng5 Nxg4 11. Qxg4 Bxc2 12. Nd2 Bf5 13. Qf3 Qb6 14. Qb3 Qxd4 15.
Qxb7 Qe3+ 16. Kd1 Bg4+ 17. Kc2 Bf5+ 18. Kd1 Bg4+ 19. Kc2 Bf5+ 1/2-1/2

[Event "18. Open de Gros 2008"]
[Site "San Sebastián ESP"]
[Date "2008.09.24"]
[Round "6.15"]
[White "Zaballa Zarzosa, Jon"]
[Black "Boo Aldanondo, Alex"]
[Result "1-0"]
[WhiteElo "1802"]
[BlackElo "1683"]
[PlyCount "55"]
[EventDate "2008.09.20"]
[EventType "swiss"]
[EventRounds "9"]
[EventCountry "ESP"]
[Source "lmi"]
[SourceDate "2008.09.20"]

1. e4 e5 2. Nf3 d6 3. d4 exd4 4. Qxd4 Nc6 5. Bb5 Bd7 6. Bxc6 Bxc6 7. Nc3 Nf6 8.
Bg5 Be7 9. O-O-O Qd7 10. Rhe1 b6 11. e5 Bxf3 12. exf6 O-O-O 13. Rxe7 Qg4 14.
Qxg4+ Bxg4 15. f3 Be6 16. fxg7 Rhg8 17. Rxe6 fxe6 18. Bxd8 Kxd8 19. Rd4 Rxg7
20. Rg4 Rf7 21. Ne4 Ke7 22. h4 d5 23. Nf2 Kd6 24. Nd3 c5 25. c4 dxc4 26. Rxc4
h5 27. Re4 e5 28. Nxe5 1-0

[Event "18. Open de Gros 2008"]
[Site "San Sebastián ESP"]
[Date "2008.09.24"]
[Round "6.16"]
[White "Saenz Zabala, Juan Ignacio"]
[Black "Sanchez Merino, Christian"]
[Result "0-1"]
[WhiteElo "1857"]
[BlackElo "1666"]
[PlyCount "60"]
[EventDate "2008.09.20"]
[EventType "swiss"]
[EventRounds "9"]
[EventCountry "ESP"]
[Source "lmi"]
[SourceDate "2008.09.20"]

1. e4 e5 2. Nc3 Bc5 3. Bc4 Nf6 4. d3 Nc6 5. Nf3 a6 6. Bg5 Be7 7. Qd2 d6 8. h3
b5 9. Bxf6 Bxf6 10. Bb3 Bb7 11. O-O Ne7 12. Nd5 Nxd5 13. exd5 c6 14. dxc6 Bxc6
15. Qe3 Qe7 16. c3 O-O 17. Rae1 Qb7 18. Bd1 Rfe8 19. Qd2 Re7 20. Re3 Rae8 21.
Rfe1 g6 22. g4 Bg7 23. g5 h6 24. h4 hxg5 25. hxg5 f6 26. Nh4 Kf7 27. Rg3 Rh8
28. Nf3 f5 29. Bb3+ Ke8 30. d4 Bxf3 0-1

[Event "18. Open de Gros 2008"]
[Site "San Sebastián ESP"]
[Date "2008.09.25"]
[Round "7.1"]
[White "Simutowe, Amon"]
[Black "Inkiov, Ventzislav"]
[Result "1/2-1/2"]
[WhiteElo "2458"]
[BlackElo "2446"]
[PlyCount "36"]
[EventDate "2008.09.20"]
[EventType "swiss"]
[EventRounds "9"]
[EventCountry "ESP"]
[Source "lmi"]
[SourceDate "2008.09.20"]

1. d4 Nf6 2. c4 e6 3. Nf3 d5 4. Nc3 Bb4 5. cxd5 exd5 6. Bg5 h6 7. Bh4 c5 8. e3
g5 9. Bg3 Nc6 10. Be2 Ne4 11. Rc1 c4 12. O-O Bxc3 13. bxc3 O-O 14. Nd2 Nxg3 15.
hxg3 f5 16. g4 b5 17. gxf5 Bxf5 18. Bf3 Qd7 1/2-1/2

[Event "18. Open de Gros 2008"]
[Site "San Sebastián ESP"]
[Date "2008.09.25"]
[Round "7.2"]
[White "Ninov, Nikolai"]
[Black "Rizouk, Aimen"]
[Result "1/2-1/2"]
[WhiteElo "2515"]
[BlackElo "2507"]
[PlyCount "60"]
[EventDate "2008.09.20"]
[EventType "swiss"]
[EventRounds "9"]
[EventCountry "ESP"]
[Source "lmi"]
[SourceDate "2008.09.20"]

1. e4 e5 2. Nf3 Nc6 3. Bc4 Bc5 4. c3 Nf6 5. d4 exd4 6. e5 d5 7. Bb5 Ne4 8. cxd4
Bb6 9. Be3 O-O 10. Bxc6 bxc6 11. O-O Bg4 12. Qc1 f6 13. Qxc6 Bxf3 14. Qe6+ Kh8
15. gxf3 fxe5 16. fxe4 exd4 17. Bd2 Qh4 18. e5 d3 19. Be1 Rae8 20. Qxd5 Rf5 21.
Qxd3 Rg5+ 22. Kh1 Qg4 23. Qd5 Rgxe5 24. Qg2 Qxg2+ 25. Kxg2 Rxe1 26. Nc3 R1e5
27. Rad1 h6 28. Rd3 R8e6 29. Rfd1 Rf5 30. R1d2 Kh7 1/2-1/2

[Event "18. Open de Gros 2008"]
[Site "San Sebastián ESP"]
[Date "2008.09.25"]
[Round "7.3"]
[White "Meijers, Viesturs"]
[Black "Rodriguez Gonzalez, Javier"]
[Result "1-0"]
[WhiteElo "2496"]
[BlackElo "2280"]
[PlyCount "82"]
[EventDate "2008.09.20"]
[EventType "swiss"]
[EventRounds "9"]
[EventCountry "ESP"]
[Source "lmi"]
[SourceDate "2008.09.20"]

1. e4 e6 2. d4 d5 3. exd5 exd5 4. Nf3 Nf6 5. c4 Be7 6. Nc3 O-O 7. Be3 Nc6 8.
Be2 Be6 9. Ng5 Bf5 10. O-O h6 11. Nf3 Be6 12. b3 Re8 13. h3 Bf8 14. Qc1 a6 15.
Rd1 Qe7 16. Ne5 Na5 17. c5 Nd7 18. Bf3 Nf6 19. b4 Nc6 20. Nxc6 bxc6 21. Re1 Bf5
22. Bf4 Qd8 23. Rxe8 Nxe8 24. g4 Bh7 25. Qd2 g5 26. Be5 Bg7 27. Re1 Bxe5 28.
Rxe5 Ng7 29. Bg2 Qf6 30. Ne2 Ne6 31. Ng3 Bg6 32. Bf1 Kg7 33. a3 Qf4 34. Re3
Nxd4 35. Qc3 Qf6 36. Kh1 Ne6 37. Qd2 Nf4 38. Ne2 Nxe2 39. Rxe2 Qa1 40. Re1 Qxa3
41. Qd4+ Kg8 1-0

[Event "18. Open de Gros 2008"]
[Site "San Sebastián ESP"]
[Date "2008.09.25"]
[Round "7.4"]
[White "Marholev, Dimitar"]
[Black "Spassov, Liuben"]
[Result "1/2-1/2"]
[WhiteElo "2366"]
[BlackElo "2428"]
[PlyCount "20"]
[EventDate "2008.09.20"]
[EventType "swiss"]
[EventRounds "9"]
[EventCountry "ESP"]
[Source "lmi"]
[SourceDate "2008.09.20"]

1. c4 c5 2. g3 Nc6 3. Bg2 g6 4. Nc3 Bg7 5. Nf3 e6 6. O-O Nge7 7. d3 O-O 8. Bg5
h6 9. Bd2 d6 10. Rb1 b6 1/2-1/2

[Event "18. Open de Gros 2008"]
[Site "San Sebastián ESP"]
[Date "2008.09.25"]
[Round "7.5"]
[White "Paunovic, Dragan"]
[Black "Mitt, Hando"]
[Result "1-0"]
[WhiteElo "2539"]
[BlackElo "1826"]
[PlyCount "59"]
[EventDate "2008.09.20"]
[EventType "swiss"]
[EventRounds "9"]
[EventCountry "ESP"]
[Source "lmi"]
[SourceDate "2008.09.20"]

1. d4 Nf6 2. Nf3 a6 3. Bg5 b5 4. Bxf6 exf6 5. e4 Bb7 6. Nbd2 Bb4 7. c3 Ba5 8.
Bd3 Nc6 9. O-O O-O 10. a4 b4 11. Qc2 Ne7 12. Nb3 c6 13. e5 g6 14. Nc5 Bc8 15.
Ne4 f5 16. Nd6 Nd5 17. Bc4 Bc7 18. Bxd5 cxd5 19. cxb4 Bxd6 20. exd6 Bb7 21. Ne5
Rc8 22. Qd2 f6 23. Nd3 Qb6 24. Nc5 Rfd8 25. b5 axb5 26. a5 Qa7 27. Rfe1 Bc6 28.
Re7 Re8 29. Rae1 Qb8 30. Qh6 1-0

[Event "18. Open de Gros 2008"]
[Site "San Sebastián ESP"]
[Date "2008.09.25"]
[Round "7.6"]
[White "Argandona Riveiro, Inigo"]
[Black "Darrigues, Alain"]
[Result "1/2-1/2"]
[WhiteElo "2375"]
[BlackElo "2012"]
[PlyCount "54"]
[EventDate "2008.09.20"]
[EventType "swiss"]
[EventRounds "9"]
[EventCountry "ESP"]
[Source "lmi"]
[SourceDate "2008.09.20"]

1. d4 Nf6 2. c4 c5 3. d5 e6 4. Nc3 exd5 5. cxd5 d6 6. e4 g6 7. f4 Bg7 8. Bb5+
Nfd7 9. Be2 O-O 10. Nf3 a6 11. a4 Nf6 12. O-O Bg4 13. Nd2 Bxe2 14. Qxe2 Re8 15.
Qf3 Nbd7 16. Ra3 Qc7 17. Nc4 b6 18. e5 dxe5 19. d6 Qb8 20. fxe5 Nxe5 21. Nxe5
Rxe5 22. Bf4 Re6 23. Nd5 Nxd5 24. Qxd5 Ra7 25. Bg3 Bxb2 26. Raf3 Bd4+ 27. Kh1
Qe8 1/2-1/2

[Event "18. Open de Gros 2008"]
[Site "San Sebastián ESP"]
[Date "2008.09.25"]
[Round "7.7"]
[White "Olmo Vega, Diego"]
[Black "Roldan Riaga, Roberto"]
[Result "0-1"]
[WhiteElo "1978"]
[BlackElo "2028"]
[PlyCount "64"]
[EventDate "2008.09.20"]
[EventType "swiss"]
[EventRounds "9"]
[EventCountry "ESP"]
[Source "lmi"]
[SourceDate "2008.09.20"]

1. e4 e6 2. d4 d5 3. Nc3 Nf6 4. Bg5 Bb4 5. e5 h6 6. Bd2 Bxc3 7. bxc3 Ne4 8. Qg4
g6 9. Bd3 Nxd2 10. Kxd2 c5 11. Nf3 cxd4 12. cxd4 Nc6 13. c3 Bd7 14. h4 Qe7 15.
Ne1 O-O-O 16. Nc2 g5 17. h5 f6 18. exf6 Qxf6 19. Qg3 Rhf8 20. f3 e5 21. Ne3 Be6
22. Ng4 Bxg4 23. Qxg4+ Kb8 24. dxe5 Nxe5 25. Qd4 Nc4+ 26. Kc1 Qe6 27. Bxc4 dxc4
28. Qf2 Rd3 29. Kb2 Qd6 30. Qe1 Rd2+ 31. Kc1 Rd8 32. a4 Qd3 0-1